Dr. Burgess's mini-atlas of marine aquarium fishes

Bibliographic Details
Main Author: Burgess, Warren E.
Other Authors: Axelrod, Herbert R., Hunziker, Ray
Format: Book
Published: United States : T.F.H.Publications,Inc , 1991
Subjects:

MARC

LEADER 00000cam a2200000 7i4500
001 0000038607
005 20000703.0
020 |a 0866224041 
090 0 0 |a 639.342   |b BUR 
100 1 |a Burgess, Warren E.   |f Dr 
245 1 0 |a Dr. Burgess's mini-atlas of marine aquarium fishes   |c Dr. Warren E. Burgess, Dr. Herbert Axelrod and Raymond E. Hunziker 
260 |a United States :   |b T.F.H.Publications,Inc ,   |c 1991 
300 |a 1023p. :   |b ill. ;   |c 23cm. 
650 0 0 |a Marine aquarium fishes 
650 0 0 |a Marine aquariums 
700 1 |a Axelrod, Herbert R.   |f Dr. 
700 1 |a Hunziker, Ray 
999 |a 00101254   |b BUKU   |c PINJAMAN   |e PERPUSTAKAAN KOMUNITI PETALING JAYA 
999 |a 085502   |b BUKU   |c RUJUKAN   |e PERPUSTAKAAN KOMUNITI PETALING JAYA